| 000 | 00488nam a22001697a 4500 | ||
|---|---|---|---|
| 003 | OSt | ||
| 005 | 20140310182518.0 | ||
| 008 | 130810t xxu||||| |||| 00| 0 eng d | ||
| 020 | _a9789380704920 | ||
| 050 |
_aRC 78.7 _b.Si617 2011 |
||
| 100 |
_aSingh, Harigbal _99240 |
||
| 245 |
_aPractical Atlas of Computed Tomography / _cHarigbal Singh, Sushil Kachewar. |
||
| 260 |
_aNew Delhi : _bJaypee, _cc2011. |
||
| 300 |
_a450 p. : _bill. ; _c28 cm. |
||
| 942 |
_2lcc _cSSLC |
||
| 999 |
_c13985 _d13985 |
||